000 00610nam a2200205Ia 4500
003 GCL
008 140319s9999 xx 000 0 eng d
040 _aGCL /
_cGCL
082 0 4 _a330.95694
_bB E
100 1 _aBLIN, LOUIS
245 1 0 _aL'ECONOMIE DE LA PAIX AU PROCHE - ORIENT THE ECONOY OF PEACE IN THE MIDDLE EAST ( VOL.2 ) /
_cBLIN, LOUIS
700 1 _aFARGUES, PHILIP
700 1 _aALUER - SHOKAR
260 _a[S.N] :
_bMAISONNEUVE ET LAROSE ،
_c1995
300 _a377 P
650 0 4 _aECONOMIC
650 0 4 _aECONOMICS - PALESTINE
650 0 4 _aPALESTINE - ECONOMIC CONDITION
942 _2ddc
_cBK
999 _c16455
_d16455